| 000 | 00634nam a22001817a 4500 | ||
|---|---|---|---|
| 003 | BD-DhUL | ||
| 005 | 20180508095436.0 | ||
| 008 | 180508s1976 bg ||||| |||| 00| 0 ben d | ||
| 040 |
_aBD-DhUL _cBD-DhUL |
||
| 082 |
_a891.443 _bABS |
||
| 100 | 1 | _aহাই, হাসনাত আবদুল | |
| 245 | 0 | 0 |
_aসুপ্রভাত ভালোবাসা / _cহাসনাত আবদুল হাই |
| 260 |
_aঢাকা : _bমনীষা, _c১৯৭৬। |
||
| 300 |
_a ১০০ পৃ. ; _c ২২ সেমি. |
||
| 650 | 4 | _aবাংলা উপন্যাস | |
| 650 | 4 | _aBengali fiction | |
| 942 |
_2ddc _cBK |
||
| 999 |
_c241054 _d241054 |
||